00721nam a2200205 i 450000100060000000300090000600500170001500700030003200800410003510000280007624501150010426000440021930000220026349000100028570000270029583000180032285200320034099900170037295201260038929367ES-MaACL20230906154024.0t|030121s1960 sp ||||1| spa d1 aBaring, Maurice.92565613aEl señorito Nerón y otras cartas muertas / cpor Maurice Baring ; [versión castellana de Alfonso Nadal]. aBarcelona : bG. P., c[1960] (fGuada) a151 p. ; c18 cm.1 aPlaza1 aNadal, Alfonso.9847910 aPlaza9181244 aES-MaACLjC-18769 bR.46548 c29367d29367 00104070aATENEOMbATENEOMcGaleríad2008-01-17eSCl0oC-18769p1030318r2023-02-23 00:00:00w2023-02-23yMONOGRAFIA